<?xml version="1.0" encoding="UTF-8"?>
<collection xmlns:xsi="http://www.w3.org/2001/XMLSchema-instance" xsi:schemaLocation="http://www.loc.gov/MARC21/slim http://www.loc.gov/standards/marcxml/schema/MARC21slim.xsd" xmlns="http://www.loc.gov/MARC21/slim">
 <record>
  <leader>00000nam a2200000 i 4500</leader>
  <controlfield tag="001">UP-8027390931311830873</controlfield>
  <controlfield tag="003">Buklod</controlfield>
  <controlfield tag="005">20250422090719.0</controlfield>
  <controlfield tag="006">m    |o  d |      </controlfield>
  <controlfield tag="007">ta</controlfield>
  <controlfield tag="008">250411s2024    mau   a r   b 001 0 eng d</controlfield>
  <datafield tag="020" ind1=" " ind2=" ">
   <subfield code="a">9781284248517</subfield>
   <subfield code="a">(paperback)</subfield>
  </datafield>
  <datafield tag="035" ind1=" " ind2=" ">
   <subfield code="a">22895605</subfield>
  </datafield>
  <datafield tag="037" ind1=" " ind2=" ">
   <subfield code="a">CHK-6411</subfield>
   <subfield code="b">Megatext Phils., Inc.</subfield>
   <subfield code="c">Php7128.00</subfield>
  </datafield>
  <datafield tag="040" ind1=" " ind2=" ">
   <subfield code="a">DLC</subfield>
   <subfield code="d">DCHK</subfield>
   <subfield code="e">rda</subfield>
  </datafield>
  <datafield tag="041" ind1=" " ind2=" ">
   <subfield code="a">eng</subfield>
  </datafield>
  <datafield tag="090" ind1=" " ind2=" ">
   <subfield code="a">RA 781</subfield>
   <subfield code="b">H38 2024</subfield>
  </datafield>
  <datafield tag="100" ind1="1" ind2=" ">
   <subfield code="a">Rhodes, Ryan E.</subfield>
   <subfield code="c">PhD</subfield>
   <subfield code="d">1973-</subfield>
   <subfield code="e">author</subfield>
   <subfield code="u">University of Victoria</subfield>
  </datafield>
  <datafield tag="240" ind1="1" ind2="0">
   <subfield code="a">Exercise psychology</subfield>
  </datafield>
  <datafield tag="245" ind1="1" ind2="0">
   <subfield code="a">Psychology of physical activity and sedentary behavior</subfield>
   <subfield code="c">Ryan E. Rhodes, Heather A. Hausenblas, Amanda L. Rebar.</subfield>
  </datafield>
  <datafield tag="250" ind1=" " ind2=" ">
   <subfield code="a">Second edition.</subfield>
  </datafield>
  <datafield tag="264" ind1=" " ind2="1">
   <subfield code="a">Burlington, MA</subfield>
   <subfield code="b">Jones &amp; Bartlett Learning</subfield>
   <subfield code="c">2024</subfield>
  </datafield>
  <datafield tag="300" ind1=" " ind2=" ">
   <subfield code="a">xxiii, 392 pages</subfield>
   <subfield code="b">color illustrations</subfield>
   <subfield code="c">24 cm</subfield>
  </datafield>
  <datafield tag="336" ind1=" " ind2=" ">
   <subfield code="a">text</subfield>
   <subfield code="2">rdacontent</subfield>
  </datafield>
  <datafield tag="337" ind1=" " ind2=" ">
   <subfield code="a">unmediated</subfield>
   <subfield code="2">rdamedia</subfield>
  </datafield>
  <datafield tag="338" ind1=" " ind2=" ">
   <subfield code="a">volume</subfield>
   <subfield code="2">rdacarrier</subfield>
  </datafield>
  <datafield tag="500" ind1=" " ind2=" ">
   <subfield code="a">Revised edition of: Exercise psychology / Heather Hausenblas, Ryan E. Rhodes. [2017]</subfield>
  </datafield>
  <datafield tag="500" ind1=" " ind2=" ">
   <subfield code="a">Includes accompanying online ancillary resource</subfield>
  </datafield>
  <datafield tag="504" ind1=" " ind2=" ">
   <subfield code="a">Includes bibliographical references and index</subfield>
  </datafield>
  <datafield tag="505" ind1="0" ind2=" ">
   <subfield code="a">Chapter 1. Introduction to the psychology of physical activity -- Chapter 2. Introduction to the psychology of sedentary behavior -- 3. Social environment -- 4. Physical environment -- 5. Digital environment --  6. Health-related quality of life and positive psychology -- 7. Personality traits -- Chapter 8. Cognition -- Chapter 9. Sleep -- Chapter 10. Depression -- Chapter 11. Anxiety and stress -- Chapter 12. Self-esteem and body image -- Chapter 13. Excessive and addictive exercise -- Chapter 14. Social cognitive theory and theory of planned behavior -- Chapter 15. Motivational theories -- Chapter 16. Stage-based and action control theories -- Chapter 17. Dual process theories</subfield>
  </datafield>
  <datafield tag="520" ind1=" " ind2=" ">
   <subfield code="a">&quot;Psychology of Physical Activity and Sedentary Behavior focuses on the psychological effects of physical activity. The text explores all areas of exercise psychology, including personal motivation, the benefits of exercise, and the theories, pioneers, and ongoing research. The book is intended to help prepare the exercise science professional for future career opportunities in the public and private sector. Written for the upper-level undergraduate and graduate-level courses in exercise psychology and behavioral physical activity, Psychology of Physical Activity and Sedentary Behavior, Second Edition focuses on the psychological effects of physical activity in a diverse array of populations. It emphasizes how physical activity needs to be paired with a reduction in sedentary behavior in order to achieve overall health. With a focus on both the psychology of exercise and sedentary behavior, this first-of-its kind text provides readers with the latest research in both areas, including coverage of sleep, pain, and delayed gratification. This text also applies a critical lens to foundational theories and incorporates applications and interventions throughout&quot;--</subfield>
   <subfield code="c">Provided by publisher</subfield>
  </datafield>
  <datafield tag="650" ind1=" " ind2="0">
   <subfield code="a">Sedentary behavior.</subfield>
  </datafield>
  <datafield tag="650" ind1=" " ind2="0">
   <subfield code="a">Exercise</subfield>
   <subfield code="x">Psychological aspects.</subfield>
  </datafield>
  <datafield tag="650" ind1=" " ind2="0">
   <subfield code="a">Physical fitness</subfield>
   <subfield code="x">Psychological aspects.</subfield>
  </datafield>
  <datafield tag="700" ind1="1" ind2=" ">
   <subfield code="a">Hausenblas, Heather A.</subfield>
   <subfield code="c">PhD</subfield>
   <subfield code="e">author</subfield>
   <subfield code="u">Jacksonville Univesity.</subfield>
  </datafield>
  <datafield tag="700" ind1="1" ind2=" ">
   <subfield code="a">Rebar, Amanda L.</subfield>
   <subfield code="c">PhD</subfield>
   <subfield code="e">author</subfield>
   <subfield code="u">Central Queensland University.</subfield>
  </datafield>
  <datafield tag="856" ind1="4" ind2="2">
   <subfield code="u">https://www.jblearning.com/</subfield>
   <subfield code="y">click here to access</subfield>
   <subfield code="z">Key code to access the ancillary resource is available upon request to the CHK Library</subfield>
  </datafield>
  <datafield tag="905" ind1=" " ind2=" ">
   <subfield code="a">FO</subfield>
  </datafield>
  <datafield tag="852" ind1="0" ind2=" ">
   <subfield code="a">UPD</subfield>
   <subfield code="b">DCHK</subfield>
   <subfield code="h">RA 781</subfield>
   <subfield code="i">H38 2024</subfield>
  </datafield>
  <datafield tag="942" ind1=" " ind2=" ">
   <subfield code="a">Book</subfield>
  </datafield>
 </record>
</collection>
